Lectures on approximation and value distribution.
Guardado en:
| Otros Autores: | , , |
|---|---|
| Formato: | Libro |
| Idioma: | English |
| Publicado: |
Montréal, Québec :
Presses de l'Université de Montréal,
1982.
|
| Series: | Séminaire de mathématiques supérieures ;
79 |
| Materias: | |
| Etiquetas: |
Agregar Etiqueta
Sin Etiquetas, Sea el primero en etiquetar este registro!
|
| LEADER | 01284cam a2200277 a 4500 | ||
|---|---|---|---|
| 001 | MAT.inmabb006131 | ||
| 008 | 850220s1982####quc######b####000#0#eng## | ||
| 005 | 20130205163335.0 | ||
| 245 | 0 | 0 | |a Lectures on approximation and value distribution. |
| 260 | |a Montréal, Québec : |b Presses de l'Université de Montréal, |c 1982. | ||
| 300 | |a 173 p. ; |c 28 cm. | ||
| 440 | 0 | |a Séminaire de mathématiques supérieures ; |v 79 | |
| 504 | |a Incluye referencias bibliográficas. | ||
| 505 | 0 | |a Degree of rational approximation / Tord Ganelius -- Value distribution and exceptional sets / Walter K. Hayman -- Rational approximation versus fast computer methods / Donald J. Newman. | |
| 510 | 4 | |a MR, |c 83c:30002 | |
| 020 | |a 2760605701 (pbk.) | ||
| 700 | 1 | 2 | |a Ganelius, Tord H., |d 1925- |t Degree of rational approximation. |f 1982. |
| 700 | 1 | 2 | |a Hayman, W. K. |q (Walter Kurt), |d 1926- |t Value distribution and exceptional sets. |f 1982. |
| 700 | 1 | 2 | |a Newman, Donald J., |d 1930- |t Rational approximation versus fast computer methods. |f 1982. |
| 650 | 0 | |a Approximation theory. | |
| 650 | 0 | |a Approximation theory |x Data processing. | |
| 650 | 0 | |a Value distribution theory. | |
| 084 | |a 30-06 (41-06) |2 msc2000 | ||
| 010 | |a 82207720 | ||
| 040 | |a DLC |c DLC |d DLC |d OCoLC | ||
| 859 | |h 30 |i L471 |p A-5528 |b BIB. MATEMATICA | ||
